logo

Bir Sreshtho Munshi Abdur Rouf Library
Jhenaidah Cadet College

Paradox of state fragility : (Record no. 7333)

MARC details
000 -LEADER
fixed length control field 00893cam a2200277 i 4500
001 - CONTROL NUMBER
JCCL Control Number 7333
003 - CONTROL NUMBER IDENTIFIER
JCCL marc code BD-JhCC
005 - DATE AND TIME OF LATEST TRANSACTION
control field 20180519114157.0
008 - FIXED-LENGTH DATA ELEMENTS--GENERAL INFORMATION
fixed length control field 140906s2014 bg b 000 0 eng
020 ## - INTERNATIONAL STANDARD BOOK NUMBER
International Standard Book Number 9789843335340
035 ## - SYSTEM CONTROL NUMBER
system control number (BD-JhCC)7333
040 ## - CATALOGING SOURCE
Original cataloging agency DLC
Description conventions rda
Transcribing agency DLC
Modifying agency BD-JhCC
041 ## - LANGUAGE CODE
Language code of Book eng
050 00 - LIBRARY OF CONGRESS CALL NUMBER
Classification number HB3722
Item number .K492 2014
082 ## - DEWEY DECIMAL CLASSIFICATION NUMBER
Author mark and Year KHA 2014
Classification number 954.92
100 1# - MAIN ENTRY--PERSONAL NAME
Personal name Khan, Mohammad Zahidul Islam,
245 10 - TITLE STATEMENT
Title Paradox of state fragility :
Remainder of title exploring the role of international structures in the context of Bangladesh /
Statement of responsibility, etc Mohammad Zahidul Islam Khan.
300 ## - PHYSICAL DESCRIPTION
Pagination xvi, 84 pages ;
Dimensions 25 cm.
490 0# - SERIES STATEMENT
Series statement BIPSS paper
504 ## - BIBLIOGRAPHY, ETC. NOTE
Bibliography, etc Includes bibliographical references (pages 71-84).
650 #0 - SUBJECT ADDED ENTRY--TOPICAL TERM
Topical term or geographic name as entry element Financial crises
Geographic subdivision Bangladesh.
650 #0 - SUBJECT ADDED ENTRY--TOPICAL TERM
Topical term or geographic name as entry element Financial crisis.
710 2# - ADDED ENTRY--CORPORATE NAME
Corporate name or jurisdiction name as entry element Bangladesh Institute of Peace and Security Studies.
942 ## - ADDED ENTRY ELEMENTS (KOHA)
Source of classification or shelving scheme Dewey Decimal Classification
Koha item type Books
Holdings
Source of classification or shelving scheme Damaged status Not for loan Home library Current library Shelving location Date of accession Total Checkouts Full call number Barcode Date last seen Copy number Koha item type
Dewey Decimal Classification     JCC Rouf Library JCC Rouf Library General Stacks 02/08/2018   954.92 KHA 2014 9981 02/08/2018 C - 1 Books

JCC Library | Contacts | JCC Home

Last Update on 23 September 2017
Copyright @ 2017-2020 JCC Rouf Library
Rouf Library, Jhenidah Cadet College (JCC), Bangladesh